000 00322nam a22001337a 4500
008 170807b xxu||||| |||| 00| 0 eng d
020 _a9780201526493
041 _aeng
080 _a004
100 _a33
101 _aSHK
245 _aPROBLEM SOLVING, ABSTRACTION, AND DESIGN USING C++
_cFRIEDMAN,F.L
942 _2udc
_cBK
999 _c22774
_d22774